00805nam a2200205Ia 4500001000900000003000500009005001700014008004100031010001100072040000900083082002400092110009700116245010400213260003900317300001100356503000700367650003500374650003500409710015500444dia_6492CHAP20230320094134.0220117s2016 xx 000 0 und d a178803 cCHAP aC 630.972 M495 2016 aMéxico. Secretaría de Agricultura, Ganadería, Desarrollo Rural, Pesca y Alimentación aAtlas agroalimentario México 2016 /c SAGARPA, Servicio de Información Agroalimentaria y Pesca aMéxico :b SAGARPA. SIAP,c2016 a231 p. aD. aMéxicoxAgriculturaxAtlas  aMéxicoxAgriculturexAtlases aServicio de Información Agroalimentaria y Pesca (SIAP) \ Secretaría de Agricultura, Ganadería, Desarollo Rural, Pesca y Alimentación (SAGARPA)